Nican Mopohua = (Registro nro. 24748)
[ vista simple ]
| 000 -LEADER | |
|---|---|
| fixed length control field | 01312cam a2200313 i 4500 |
| 001 - CONTROL NUMBER | |
| control field | 24748 |
| 003 - CONTROL NUMBER IDENTIFIER | |
| control field | Mx-PuUPA |
| 005 - DATE AND TIME OF LATEST TRANSACTION | |
| control field | 20250508124615.0 |
| 008 - FIXED-LENGTH DATA ELEMENTS--GENERAL INFORMATION | |
| fixed length control field | 140415s2006 xx fr 000 u ger d |
| 040 ## - CATALOGING SOURCE | |
| Transcribing agency | Mx-PuUPA |
| Original cataloging agency | Mx-PuUPA |
| Language of cataloging | spa |
| Modifying agency | Mx-PuUPA |
| Description conventions | rda |
| 041 1# - LANGUAGE CODE | |
| Language code of text/sound track or separate title | ger |
| Language code of original | spa |
| -- | nah |
| 100 1# - MAIN ENTRY--PERSONAL NAME | |
| Personal name | Valeriano, Antonio, |
| Dates associated with a name | approximately 1520-1605 |
| 9 (RLIN) | 308 |
| Relator term | autor |
| 240 10 - UNIFORM TITLE | |
| Uniform title | Nican mopohua. |
| Language of a work | Náhuatl |
| 245 10 - TITLE STATEMENT | |
| Title | Nican Mopohua = |
| Remainder of title | Hier wird erzählt / |
| Statement of responsibility, etc. | Anton Valeriano ; Miguel León Portilla, traductor del original en lengua náhuatl ; Ignacio García Lascuraín Bernstorff, traductor al alemán |
| 264 #1 - PRODUCTION, PUBLICATION, DISTRIBUTION, MANUFACTURE, AND COPYRIGHT NOTICE | |
| Place of production, publication, distribution, manufacture | [lugar de publicación no identificado] : |
| Name of producer, publisher, distributor, manufacturer | [editor no identificado], |
| Date of production, publication, distribution, manufacture, or copyright notice | 2006 |
| 300 ## - PHYSICAL DESCRIPTION | |
| Extent | 28 páginas : |
| Dimensions | 17 cm |
| 336 ## - CONTENT TYPE | |
| Fuente | rdacontent |
| Content type term | texto |
| Content type code | txt |
| 337 ## - MEDIA TYPE | |
| Source | rdamedia |
| Media type term | sin medio |
| Media type code | n |
| 338 ## - CARRIER TYPE | |
| Source | rdacarrier |
| Carrier type term | volumen |
| Carrier type code | nc |
| 600 04 - SUBJECT ADDED ENTRY--PERSONAL NAME | |
| Personal name | Virgen de Guadalupe |
| General subdivision | Apariciones y milagros |
| 600 04 - SUBJECT ADDED ENTRY--PERSONAL NAME | |
| Personal name | Virgen María |
| General subdivision | Apariciones y milagros |
| 650 #7 - SUBJECT ADDED ENTRY--TOPICAL TERM | |
| Source of heading or term | armarc |
| 9 (RLIN) | 13986 |
| 700 1# - ADDED ENTRY--PERSONAL NAME | |
| Personal name | León Portilla, Miguel, |
| Relator term | traductor al español del náhuatl |
| 700 1# - ADDED ENTRY--PERSONAL NAME | |
| Personal name | García Lascurain Bernstorff, Ignacio, |
| Relator term | traductor del español al alemán |
| 765 0# - ORIGINAL LANGUAGE ENTRY | |
| Main entry heading | Valeriano, Antonio |
| Title | Nican mopohua |
| Place, publisher, and date of publication | [1649] |
| 942 ## - ADDED ENTRY ELEMENTS (KOHA) | |
| Source of classification or shelving scheme | Dewey Decimal Classification |
| Koha item type | Libro |
| Classification part | 232.917 |
| Item part | V3515 |
| Withdrawn status | Lost status | Source of classification or shelving scheme | Damaged status | Not for loan | Collection code | Home library | Current library | Shelving location | Total Checkouts | Full call number | Barcode | Date last seen | Price effective from | Koha item type |
|---|---|---|---|---|---|---|---|---|---|---|---|---|---|---|
| Dewey Decimal Classification | General | Centro de Estudios Guadalupanos | Centro de Estudios Guadalupanos | Sala general | 232.917 V3515 2006 | 45848 | 14/08/2025 | 03/12/2013 | Folleto |